| 000 | 01467nam0a22003131 4500 | ||
|---|---|---|---|
| 001 | RU\INFOCOMM_317\NLR\5000025476 | ||
| 005 | 20250614080648.0 | ||
| 035 | _a(NLR Aleph) 010608653 | ||
| 090 |
_a10561996 _c10561996 |
||
| 100 | _a20130325d1992 |||y0rusy50 ca | ||
| 101 | 0 | _aeng | |
| 102 | _aRU | ||
| 105 | _ay z|||| | ||
| 200 | 1 |
_aDecay of doorway states formed in the GDR through the neutron channel _eThe contents of the papers rep. at the Workshop on nuclear physics in the Sao Paulo univ., Sept. 1991, a. at the 8-th Seminar in electromagnetic interactions of nuclei at low a. medium energies, Moscow, Dec. 1991 _fB. S. Ratner |
|
| 210 |
_aM. _cInst. for nuclear research of the Russ. acad. of sciences _d1992 |
||
| 215 |
_a14 с. _cил. _d29 см |
||
| 225 | 1 |
_aPreprint _fRuss. acad. of sciences, Inst. for nuclear research _vINR-758/92 |
|
| 300 | _aНа обороте тит. л.: Распад входных состояний, образованных в ГДР по нейтронному каналу / Б. С. Ратнер | ||
| 300 | _aНадзаг также на рус. яз. | ||
| 320 | _aБиблиогр.: с. 14 | ||
| 606 | 0 |
_aАтомное ядро _xГигантский резонанс _2nlr_sh1 |
|
| 620 | _aМосква | ||
| 686 |
_aВ383.5 _2rubbk |
||
| 700 | 1 |
_aRatner _bB. S. _gBoris Semenovič |
|
| 801 | 1 |
_aRU _bInfocomm _c20130325 |
|
| 801 | 0 |
_aRU _bINFOCOMM _gPSBO |
|
| 852 |
_aNLR _jФз01 Д-8/712 |
||
| 942 | _cBOOK | ||
| 980 | _aNB | ||